| 000 | 00567 a2200205 4500 | ||
|---|---|---|---|
| 003 | 404125 | ||
| 005 | 20251125140200.0 | ||
| 022 | _a27123217 | ||
| 040 |
_c Nile University of Nigeria, Abuja. _erda |
||
| 050 | _a K 60 . N5 | ||
| 082 | _a K 60 . N5 | ||
| 245 | _a NNAMDI AZIKIWE UNIVERSITY JOURNAL OF PUBLIC LAW | ||
| 250 | _avol.2{1} 2025 | ||
| 260 |
_a Anambra state _b Amaka Dream Press _c2025 |
||
| 264 |
_a Anambra state _b Amaka Dream Press _c2025 |
||
| 300 | _bviii, 98 pg., 35 cm. | ||
| 336 | _2rdacontent | ||
| 338 | _2rdacarrier | ||
| 942 |
_2lcc _cSERIAL |
||
| 999 |
_c44032 _d44032 |
||